Inovácie ako zdroj konkurenčnej výhody diplomová práca

Salvato in:
Dettagli Bibliografici
Autore principale: Hačková, Patrícia
Ente Autore: Obchodná fakulta EU. Katedra medzinárodného obchodu
Altri autori: Pásztorová, Janka, 1960-
Natura: Libro
Lingua:slovacco
Pubblicazione: Bratislava 2018
Tags: Aggiungi Tag
Nessun Tag, puoi essere il primo ad aggiungerne!!

MARC

LEADER 00000nbm a2200000 4500
001 0247314
005 20181219124152.6
041 0 |a slo 
044 |a SK 
245 1 0 |a Inovácie ako zdroj konkurenčnej výhody  |b diplomová práca  |c Patrícia Hačková ; školiteľ: Janka Pásztorová 
264 1 |a Bratislava  |c 2018 
300 |a 67 s. 
100 1 |a Hačková, Patrícia 
700 1 |a Pásztorová, Janka, 1960- 
710 2 |a Obchodná fakulta EU. Katedra medzinárodného obchodu